书目信息 |
| 题名: |
果蔬气调保鲜技术
|
|
| 作者: | 郑厚芬 编著 | |
| 分册: | ||
| 出版信息: | 北京 中国商业出版社 1990.12 |
|
| 页数: | 263页 | |
| 开本: | 19厘米 | |
| 丛书名: | ||
| 单 册: | ||
| 中图分类: | S660.9 | |
| 科图分类: | ||
| 主题词: | 水果--食品保鲜 , 蔬菜--食品保鲜 | |
| 电子资源: | ||
| ISBN: | 978-7-5044-0649-1 | |
| 000 | 00657nam0 2200229 450 | |
| 001 | 0100332779 | |
| 005 | 20051129161924.0 | |
| 010 | @a978-7-5044-0649-1@dCNY4.20 | |
| 100 | @a19910729d1990 em y0chiy0110 ea | |
| 101 | 0 | @achi |
| 102 | @aCN@b110000 | |
| 105 | @ay z 000yy | |
| 106 | @ar | |
| 200 | 1 | @a果蔬气调保鲜技术@9Guo Shu Qi Diao;Tiao Bao Xian Ji Shu;Zhu @f郑厚芬编著@b专著 |
| 210 | @a北京@c中国商业出版社@d1990.12 | |
| 215 | @a263页@d19厘米 | |
| 606 | 0 | @a水果@x食品保鲜 |
| 606 | 0 | @a蔬菜@x食品保鲜 |
| 690 | @aS660.9@v3 | |
| 701 | 0 | @a郑厚芬@9zheng hou fen@4编著 |
| 801 | 0 | @aCN@bAiZhiMarc@c19910729 |
| 905 | @aBZT@dS660.9@e15@f5@sS660.9/15 | |
| 果蔬气调保鲜技术/郑厚芬编著.-北京:中国商业出版社,1990.12 |
| 263页;19厘米 |
| ISBN 978-7-5044-0649-1:CNY4.20 |
| ● |
| 相关链接 |
|
|
|
正题名:果蔬气调保鲜技术
索取号:S660.9/15
 
预约/预借
| 序号 | 登录号 | 条形码 | 馆藏地/架位号 | 状态 | 备注 |
| 1 | 2000116562 | 2000116562 | 旧书回溯/ [索取号:S660.9/15] | 在馆 | |
| 2 | 2000116569 | 2000116569 | 旧书回溯/ [索取号:S660.9/15] | 在馆 | |
| 3 | 2000116570 | 2000116570 | 旧书回溯/ [索取号:S660.9/15] | 在馆 | |
| 4 | 2000116571 | 2000116571 | 旧书回溯/ [索取号:S660.9/15] | 在馆 | |
| 5 | 2000116572 | 2000116572 | 旧书回溯/ [索取号:S660.9/15] | 在馆 |